00578nam a22001817i 45000010005000000030004000050050017000090070003000260080041000290200015000700240014000850240020000990400008001192450112001272600067002394900040003061100050003465973OSt20181119124230.0tu161220s2000 xxu||||| |||| 00| 0 d a39309636207 a59732RID7 a59732RSN (alt) cOSt00aFinancial Crises in Transition Countries: Recent problems and Problems Yet to SolvebConference Proceedings aHalle :bInstitut für Wirtschaftsforschung Halle IWH,c2000. aIWH Forschungsreihe - Sonderheftv62 aInstitut für Wirtschaftsforschung Halle IWH